|
|
|
|
| LEADER |
00706nam a2200205Ia 4500 |
| 001 |
CTU_166400 |
| 008 |
210402s9999 xx 000 0 und d |
| 082 |
|
|
|a 379.51
|
| 082 |
|
|
|b C934
|
| 245 |
|
0 |
|a Critical discussion on education :
|
| 245 |
|
0 |
|b Meeting emerging challenges in East Asia
|
| 245 |
|
4 |
|c The World Bank
|
| 260 |
|
|
|a Washington DC
|
| 260 |
|
|
|b The World Bank
|
| 260 |
|
|
|c 2006
|
| 650 |
|
|
|a Education,Education,Giáo dục,Giáo dục
|
| 650 |
|
|
|x Social aspects,Economic aspects,Khía cạnh xã hội,Khía cạnh kinh tế
|
| 650 |
|
|
|z East Asia,East Asia,Đông Á,Đông Á
|
| 904 |
|
|
|i Trọng Hiếu
|
| 980 |
|
|
|a Trung tâm Học liệu Trường Đại học Cần Thơ
|